Manual prt̀ico do jr︢i

Bibliographic Details
Main Author: Calvo Filho, Romualdo Sanches
Other Authors: Sanches Calvo, Rm̥ulo Augusto
Format: eBook
Language:Portuguese
Published: San Pablo: LEUD - Livraria e Editora Universitr̀ia de Direito, 2022
Subjects:
Online Access:Acceso restringido

MARC

LEADER 00000nam a22000007a 4500
005 2022092102402.0
007 cr|||| ||||
008 220921s2022 br |||||s|||| 00||0 por d
020 |a 978-85-7456-419-7 
035 |a 37255 
040 |a vLex 
090 |c 14005  |d 14005 
100 1 |a Calvo Filho, Romualdo Sanches 
245 1 0 |a  Manual prt̀ico do jr︢i  |h [Recurso electrn̤ico] /  |c Romualdo Sanches Calvo Filho, Rm̥ulo Augusto Sanches Calvo 
256 |a Servicio en ln̕ea 
260 |a San Pablo:  |b LEUD - Livraria e Editora Universitr̀ia de Direito,  |c 2022 
300 |a 1 recurso electrn̤ico 
500 |a O presente ops︢culo tem por escopo tratar do Tribunal do Jr︢i de uma forma bem simples e objetiva, especialmente neste ano em que ele completa dois sčulos de existn̊cia s ̤no Brasil. A obra contm̌ seu breve histr̤ico, objetivando rememorar suas raz̕es e melhor compreendermos as diversas formas pelas quais ele se manifestou desde a antiguidade. Avanȧndo um pouco mais, a obra trata do procedimento bifs̀ico ou escalonado do procedimento especial do jr︢i, do sumr̀io de culpa at ̌o plenr̀io de julgamento, inclusive abordando temas caros para todos os aficionados dessa bem mais que secular instituiȯ̂, com alertas importantes para quem atua ou deseja atuar nessa fascinante seara do Direito Criminal. Como nô poderia deixar de ser, este ops︢culo se ocupa do intrincado momento da quesitaȯ̂, focando assim nas suas fontes e ordem do questionr̀io, passando informaė̳s esclarecedoras para todos aqueles que desejam melhor entender este momento do jr︢i que at ̌entô era uma verdadeira sementeira de nulidade, melhorando bastante aps̤ o advento da reforma pontual trazida pela Lei 11.689/2008. Os autores tambm̌ brindam a obra com a abordagem do tema da Comunicaȯ̂ Verbal no Jr︢i e seus Aspectos Gerais, trazendo ̉baila aquilo que se chama de priceless e que foi conquistado somente ao longo de mais de 400 plenr̀ios de jr︢i realizados pelos autores, de maneira que o presente trabalho pretende nô esgotar a matřia, mas ser um divisor d’g̀ua para todos os operadores do Direito que anseiam ter ̉mô mais um subsd̕io que possa fazer a diferenȧ em suas atuaė̳s pelos jr︢is do nosso Brasil. 
506 1 |a Disponible solo en los productos indicados  |d vLex Global  |d vLex Global (Academic Edition, excluding Law Schools)  |d vLex Global (U.S. Academic Edition, Law Schools)  |d vLex Global (U.S. Academic Edition, excluding Law Schools)  |d vLex Global (Academic Edition, Law Schools) 
650 0 4 |a Derecho Penal  |z Brasil 
650 0 4 |a Procedimiento Penal  |z Brasil 
700 1 |a Sanches Calvo, Rm̥ulo Augusto 
740 0 |a vLex Libros (Servicio en ln̕ea) 
856 4 0 |u https://app.vlex.com/#/sources/37255  |z Acceso restringido 
942 |c BOOK 
999 0 |a Criminal Law 
999 0 |a Criminal Procedure